LEADER 00856nam0-22003011i-450- 001 990003197070403321 005 20101006103426.0 010 $a88-420-2690-5 035 $a000319707 035 $aFED01000319707 035 $a(Aleph)000319707FED01 035 $a000319707 100 $a20030910d1986----km-y0itay50------ba 101 0 $aita 102 $aIT 200 1 $aSocietà romana e impero tardoantico. Volume I$eIstituzioni, ceti, economie$fa cura di Andrea Giardina. 210 $aBari$cLaterza$d1986. 215 $a824 p.$d21 cm 610 0 $aStoria economica 676 $aE/1 702 1$aGiardina,$bAndrea$f<1949- > 801 0$aIT$bUNINA$gRICA$2UNIMARC 901 $aBK 912 $a990003197070403321 952 $aE/1 SOC$b2912$fSES 959 $aSES 996 $aSocietà romana e impero tardoantico. Volume I$9453165 997 $aUNINA LEADER 00803cam0-2200289---450 001 990004881550403321 005 20240103104444.0 035 $a000488155 035 $aFED01000488155 035 $a(Aleph)000488155FED01 100 $a19990604d1963----km-y0itay50------ba 101 0 $aeng 102 $aGB 105 $ay---e---000yy 200 1 $a<>glossary of language-learning terms$fby Janette H. Blair 210 $aLondon$cBlackie$d1963 215 $aV, 105 p.$d19 cm 610 0 $aLinguaggio$aDizionari 676 $a403 700 1$aBlair,$bJanette H.$0195533 801 0$aIT$bUNINA$gRICA$2UNIMARC 901 $aBK 912 $a990004881550403321 952 $a407 BLAI 01$bIst.f.m.22356$fFLFBC 959 $aFLFBC 996 $aGlossary of language-learning terms$9519924 997 $aUNINA